|
|
|
|
| LEADER |
00000naa2a2200000 4500 |
| 001 |
422495 |
| 005 |
20231101073802.0 |
| 035 |
|
|
|a (RuTPU)RU\TPU\prd\80379
|
| 035 |
|
|
|a RU\TPU\tpu\11203
|
| 090 |
|
|
|a 422495
|
| 100 |
|
|
|a 20100415a1977 k y0rusy50 ca
|
| 101 |
0 |
|
|a rus
|
| 102 |
|
|
|a RU
|
| 200 |
1 |
|
|a Определение опорного давления на контакте пласт-кровля с учетом неоднородности массива горных пород экспериментально-аналитическим методом
|f Л. Ю. Максютенко, А. Д. Алексеев
|
| 461 |
|
1 |
|0 (RuTPU)RU\TPU\prd\411
|x 0015-3273
|t Физико-технические проблемы разработки полезных ископаемых
|f Сибирское отделение АН СССР
|d 1965-
|
| 463 |
|
1 |
|0 (RuTPU)RU\TPU\prd\34603
|t № 1
|v с. 87-89
|d 1977
|
| 610 |
1 |
|
|a контакт пласт-кровля
|
| 610 |
1 |
|
|a опорное давление
|
| 610 |
1 |
|
|a горные породы
|
| 610 |
1 |
|
|a труды учёных ТПУ
|
| 700 |
|
1 |
|a Максютенко
|b Л. Ю.
|
| 701 |
|
1 |
|a Алексеев
|b А. Д.
|
| 801 |
|
1 |
|a RU
|b 63413507
|c 20030710
|g PSBO
|
| 801 |
|
2 |
|a RU
|b 63413507
|c 20100415
|g RCR
|
| 942 |
|
|
|c BK
|